=LDR 00000nam 2200000 4500 =001 INLIS000000000030557 =005 20130612132707 =008 ***********************************Ind** =035 ##$$0010-061300000030557 =041 ##$$a Ind =082 ##$$a 892.71 =090 ##$$a 892.71, And, p =100 ##$$a Andangdjaja,Hartojo =245 ##$$a Puisi Arab Modern, Hartojo Andangdjaja =260 ##$$a 1983 $b Jakarta =300 ##$$a 213 hlm., 21 cm =650 ##$$a Sastra Arab =850 ##$$a NBPNMAT